Statistics for Best NBA Players By Draft Class

Click here to take the quiz!

General Stats

  • This quiz has been taken 349 times
    (334 since last reset)
  • The average score is 28 of 70

Answer Stats

Draft ClassAnswer% Correct
2003LeBron James
95%
1984Michael Jordan
89%
1996Kobe Bryant
83%
2007Kevin Durant
79%
1979Magic Johnson
77%
1992Shaquille O'Neal
77%
2009Stephen Curry
77%
1956Bill Russell
76%
1978Larry Bird
73%
2008Russell Westbrook
73%
1972Julius Erving
72%
2015Karl Anthony-Towns
72%
1997Tim Duncan
72%
1959Wilt Chamberlain
72%
2004Dwight Howard
67%
1969Kareem Abdul-Jabbar
67%
2012Anthony Davis
66%
2016Ben Simmons
64%
1985Karl Malone
62%
2005Chris Paul
61%
2013Giannis Antetokounmpo
58%
1998Dirk Nowitzki
57%
2014Andrew Wiggins
56%
1987David Robinson
56%
1950Bob Cousy
53%
1995Kevin Garnett
51%
1960Oscar Robertson
51%
2011Kawhi Leonard
50%
1954Bob Pettit
47%
1981Isiah Thomas
46%
1958Elgin Baylor
43%
1994Jason Kidd
43%
1962John Havlicek
43%
1983Clyde Drexler
40%
1975David Thompson
40%
2010Paul George
40%
2001Pau Gasol
37%
1982Dominique Wilkins
36%
1957Sam Jones
35%
1980Kevin McHale
34%
1993Chris Webber
32%
1974Bill Walton
31%
1986Dennis Rodman
31%
1990Gary Payton
31%
1968Elvin Hayes
29%
1967Walt Frazier
29%
1964Willis Reed
29%
1965Rick Barry
27%
1976Robert Parish
27%
2006Lamarcus Aldridge
23%
2002Amar'e Stoudemire
21%
1999Manu Ginobili
19%
1989Shawn Kemp
19%
1977Bernard King
16%
1948Dolph Schayes
16%
1970Bob Lanier
10%
1966Dave Bing
9%
1988Mitch Richmond
8%
1963Nate Thurmond
8%
1961Walt Bellamy
8%
1991Dikembe Mutombo
1%
1955Jack Twyman
1%
2000Jamal Crawford
1%
1952Clyde Lovellette
0%
1949Dick McGuire
0%
1973Doug Collins
0%
1953Frank Ramsey
0%
1947Harry Gallatin
0%
1951Mel Hutchins
0%
1971Sidney Wicks
0%

Score Distribution

Percentile by Number Answered

Percent of People with Each Score

Your Score History

You have not taken this quiz since the last reset